| 000 | 00579nam a2200217Ia 4500 | ||
|---|---|---|---|
| 008 | 180523s9999 xx 000 0 und d | ||
| 020 | _a0-07-246994-3 | ||
| 050 | _aMAIN HF 5549.2 | ||
| 050 | _b.U5H86 2003 | ||
| 245 | 0 | _aHuman resource management : | |
| 245 | 0 | _bgaining a competitive advantage / | |
| 245 | 0 | _cRaymond A. Noe… [et al]. | |
| 250 | _a4th Edition | ||
| 260 | _aNew York : | ||
| 260 | _bMcGraw-Hill, | ||
| 260 | _c2005 | ||
| 300 | _a740 pages : | ||
| 300 | _c23 cm. | ||
| 500 | _aIncludes index. | ||
| 650 | _aPersonnel management -- United States. | ||
| 999 |
_c357158 _d357158 |
||